| 000 | 01555nam1a22003491i 4500 | ||
|---|---|---|---|
| 001 | v19\rc\1500438 | ||
| 005 | 20260408030045.0 | ||
| 035 | _a(NLR Aleph) 004627712 | ||
| 090 |
_a3125256 _c3125256 |
||
| 100 | _a20060620g18821884m||b0rusy50 ca | ||
| 101 | 0 | _arus | |
| 102 | _aRU | ||
| 105 | _az ||||| | ||
| 200 | 1 |
_aСанитарное исследование фабрик, по обработке волокнистых веществ в г. Москве _f[соч.] д-ра П.А. Пескова |
|
| 210 |
_aМосква _cтипография М.П. Щепкина _d1882-1884 |
||
| 215 |
_a4 т. _d23 |
||
| 225 | 1 | _aТруды Комиссии учрежденной г. Московским Генерал-Губернатором князем В.А. Долгоруковым для осмотра фабрик и заводов в Москве | |
| 700 | 1 |
_aПесков _bП. А. _f1835-1918 _gПетр Александрович |
|
| 702 | 1 |
_aДолгоруков _bВ.А. _f1810-1891 _gВладимир Андреевич _4570 |
|
| 711 | 0 | 2 |
_aМосковская комиссия для осмотра фабрик и заводов _3RU\NLR\AUTH\8810187508 _9868406 |
| 801 | 0 |
_aRU _bNLR _gpsbo |
|
| 801 | 0 |
_aRU _bRuMoRGB _2psbo |
|
| 801 | 1 |
_aRU _bProSoft-M _2rusmarc |
|
| 801 | 2 |
_aRU _bNLR _c20131205 _2rusmarc |
|
| 852 |
_aNLR _j18.206.5.43 (4) |
||
| 852 |
_aNLR _j133/5532 (вып. 1, прил.) |
||
| 899 |
_aRuMoRGB _jT 75/146 |
||
| 899 |
_aRuMoRGB _jT 23/126 |
||
| 899 | _aБАН | ||
| 899 | _aГПИБ (1) | ||
| 899 | _aНБ МГУ | ||
| 942 | _cBOOK | ||